00455nam a2200133Ia 4500008004100000041001200041100001700053245008300070260000600153650000600159942000700165999001700172952013200189221030s9999 xx 000 0 und d aEnglish aJ. C. Naylor 0aIndustrial Psychlogy - I`s Theoretical and Social Foundationscby J. C. Naylor c0 aB cBK c14422d14422 pB 5893l0r2022-10-30 00:00:00w2022-10-30yBK003Print4070aMIETLIBbMIETLIBcBL-, FL-, CUP-0, SH-0, R-0d2012-12-0710HBE